Solid Waste Management (Record no. 60825)
[ view plain ]
| 000 -LEADER | |
|---|---|
| fixed length control field | 00672nam a22002057a 4500 |
| 005 - DATE & TIME | |
| control field | 20260518120357.0 |
| 008 - FIXED-LENGTH DATA ELEMENTS--GENERAL INFORMATION | |
| fixed length control field | 260518b |||||||| |||| 00| 0 eng d |
| 020 ## - ISBN | |
| International Standard Book Number | 9783031784194 |
| 040 ## - CATALOGING SOURCE | |
| Original cataloging agency | Doon University |
| 041 ## - Language | |
| Language | English |
| 082 ## - DDC NUMBER | |
| Classification number | 363.7285 |
| Book Number | SOL |
| 100 ## - MAIN ENTRY--PERSONAL NAME | |
| Personal name | Pandey, Ashutosh (ed) |
| 245 ## - TITLE STATEMENT | |
| Title | Solid Waste Management |
| Sub Title | : A Roadmap for Sustainable Environmental Practices and Circular Economy |
| 260 ## - PUBLICATION, DISTRIBUTION, ETC. (IMPRINT) | |
| Place of publication, distribution, etc | Switzerland |
| Name of publisher, distributor, etc | Springer |
| Date of publication, distribution, etc | 2025 |
| 300 ## - PHYSICAL DESCRIPTION | |
| Pages | 452 |
| 650 ## - Subject | |
| Subject | Management ( Donated By Professor Suthar, Surendra Singh ) |
| 700 ## - Added Entry Personal Name | |
| Added Entry Personal Name | Suthar, Surendra Singh (ed) |
| 700 ## - Added Entry Personal Name | |
| Added Entry Personal Name | Amesho, Kassain T.T. (ed) |
| 942 ## - ADDED ENTRY ELEMENTS (KOHA) | |
| Koha item type | Books |
| 100 ## - MAIN ENTRY--PERSONAL NAME | |
| -- | 26845 |
| 650 ## - Subject | |
| -- | 26842 |
| 700 ## - Added Entry Personal Name | |
| -- | 26843 |
| 700 ## - Added Entry Personal Name | |
| -- | 26844 |
| 952 ## - LOCATION AND ITEM INFORMATION (KOHA) | |
| -- | 2026-05-18 |
| Withdrawn status | Lost status | Source of classification or shelving scheme | Damaged status | Not for loan | Location (home branch) | Sublocation or collection (holding branch) | Date acquired | Koha issues (times borrowed) | Koha full call number | Accession No. | Koha date last seen | Koha item type |
|---|---|---|---|---|---|---|---|---|---|---|---|---|
| Doon University | Doon University | 18.05.2026 | 363.7285 SOL | G3522 | 18.05.2026 | Books |